Statistics for Ariana Grande - needy (lyrics)

Click here to take the quiz!

General Stats

  • This quiz has been taken 24 times
  • The average score is 279 of 296

Answer Stats

Answer % Correct
I
100%
It
100%
To
100%
Me
100%
To
100%
I
100%
Be
100%
Needy
100%
I'm
100%
A
100%
Me
100%
I
100%
It
100%
You
100%
I
100%
I
100%
I'm
100%
Be
100%
To
100%
Love
100%
You
100%
It
100%
I
100%
I'm
100%
It
100%
I'm
100%
I
100%
Be
100%
Needy
100%
Me
100%
It
100%
Be
100%
I
100%
Needy
100%
Needy
100%
You
100%
I
100%
It
100%
To
100%
Be
100%
Me
100%
Needy
100%
Needy
100%
I
100%
Be
100%
I
100%
Be
100%
It
100%
To
100%
Be
100%
I
100%
Me
100%
Needy
100%
To
100%
Needy
100%
Be
100%
I
100%
I'm
100%
A
100%
I
100%
Love
100%
Need
100%
I
100%
I
100%
It
100%
You
100%
It
100%
I
100%
Love
100%
I
100%
I'm
100%
I'm
100%
I
100%
Be
100%
I
100%
I
100%
I
100%
I'll
100%
I
100%
You
100%
I'll
100%
You
100%
I
100%
A
100%
A
100%
I
100%
You
100%
Need
100%
I
100%
Love
100%
A
100%
You
100%
To
100%
I'm
100%
Me
100%
Feels
95%
Up
95%
That
95%
Fucks
95%
Don't
95%
Give
95%
No
95%
Too
95%
Feels
95%
For
95%
All
95%
Dressed
95%
When
95%
Know
95%
But
95%
Can
95%
So
95%
But
95%
My
95%
But
95%
All
95%
And
95%
Go
95%
Way
95%
Too
95%
Can
95%
Can't
95%
But
95%
Scream
95%
And
95%
For
95%
Is
95%
Can
95%
Can't
95%
Good
95%
Up
95%
Wait
95%
Hard
95%
Way
95%
Too
95%
Can
95%
Can
95%
And
95%
Say
95%
Damn
95%
All
95%
Tell
95%
How
95%
How
95%
So
95%
React
95%
But
95%
Can
95%
Far
95%
This
95%
Good
95%
At
95%
With
95%
Hard
95%
Too
95%
And
95%
Can
95%
My
95%
Say
95%
This
95%
Far ?
95%
Please
95%
Is
95%
At
95%
Heart
95%
How
95%
Good
95%
This
95%
But
95%
Can
95%
Tell
95%
How
95%
Damn
95%
Too
95%
Give
95%
Can
95%
Don't
95%
Way
95%
Good
95%
For
95%
Hard
95%
Close
95%
Please
95%
Know
95%
So
95%
And
95%
Feels
95%
And
95%
Scream
95%
But
95%
And
95%
Far
95%
Up
95%
That
95%
And
95%
Too
95%
Dressed
95%
All
95%
Up
95%
But
95%
Can
95%
When
95%
Hard
95%
Good
95%
No
95%
This
95%
Far ?
95%
This
95%
Fucks
95%
How
95%
At
95%
With
95%
My
95%
Heart
95%
Feels
95%
Can
95%
That
95%
And
95%
If
95%
Know
95%
Up
95%
That
95%
And
95%
All
95%
Is
95%
If
95%
So
95%
Good
95%
If
95%
Your
90%
Got
90%
Think
90%
Take
90%
Much
90%
Promise
90%
Think
90%
Down
90%
Think
90%
Got
90%
Messed
90%
What
90%
Needed
90%
What
90%
Needed
90%
Least
90%
Needed
90%
What
90%
Needed
90%
Messed
90%
Long
90%
Hit
85%
Enough
85%
Emotions
85%
Overthinking
85%
Of
85%
Obsessive
85%
Call
85%
Admit
85%
Back
85%
Lil'
85%
Sorry
85%
Selfish
85%
Sorry
85%
Trust,
85%
Passionate
85%
Passionate
85%
Sorry
85%
Overthinking
85%
Help
85%
Roller
85%
Shout
85%
Shout
85%
Lately
85%
Tryna
85%
Sorry
85%
Been
85%
On
85%
Obsessive
85%
Lot
85%
Admit
85%
Lil'
85%
Get
85%
I've
80%
Not
80%
Coaster
80%
Touch
80%
Hold
80%
Ahead
80%
After
75%
Damage
75%
Hide
75%
I'ma
75%
I'ma
75%
Hide
75%
Even
70%
Even
70%

Score Distribution

Percentile by Number Answered

Percent of People with Each Score

Your Score History

You have not taken this quiz